Brave - Touch The Sky Lyrics - Statistics

General Stats
  • This quiz has been taken 54 times
  • The average score is 95 of 130
Answer Stats
Answer % Correct
the
97%
a
94%
I
94%
i
94%
sky
90%
an
87%
and
87%
touch
87%
When
87%
will
84%
wind
84%
fly
77%
is
77%
mountains
77%
bright
71%
cold
71%
be
68%
chase
68%
ride
68%
calling
65%
misty
65%
are
61%
clear
61%
me
61%
of
61%
into
58%
my
58%
out
58%
bold
55%
hold
55%
light
55%
sing
55%
beckon
52%
every
52%
fierce
52%
secrets
52%
story
52%
take
52%
Where
52%
as
48%
dark
48%
deep
48%
hear
48%
hide
48%
lead
48%
own
48%
their
48%
waters
48%
ago
45%
eagle's
45%
long
45%
times
45%
woods
45%
lost
42%
proud
42%
reflections
42%
stormy
42%
strong
42%
dreams
39%
scream
39%
seas
39%
No matching quizzes found
Score Distribution
Percent of People with Each Score
Percentile by Number Answered
Your Score History
You have not taken this quiz